00525nam a2200169Ia 4500008004100000100002100041245012400062260001100186300002100197440001500218521000700233650001900240650001700259650001900276650003600295650002400331140626s9999 xx 000 0 und d aGeorge, Cherian. aKyu Ho Youm on free speech as a universal value :b globalising the values of the US first amendment /c Cherian.George cc2013. a40 : 3, page 204 aMedia Asia aMC aCommunication. aFree speech. aGlobalization. aUniversal value of free speech. aUs first amendment.